Podnikatelská strategie a její realizace.
Charakteristika strategického riadenia pre podnikanie. Druhy strategického riadenia - pravé a nepravé. Strategické riadenia a stratégia. Klasifikácia prostredia na lokálne, národné (štátne), prostredie integračného zoskupenia a svetové prostredie. Typológia stratégií. Stratégia efektívnosti. Oblasti...
Gespeichert in:
| 1. Verfasser: | |
|---|---|
| Weitere Verfasser: | |
| Format: | Buchkapitel |
| Sprache: | Tschechisch |
| Schlagworte: | |
| Tags: |
Keine Tags, Fügen Sie das erste Tag hinzu!
|
MARC
| LEADER | 00000naa a2200000 4500 | ||
|---|---|---|---|
| 001 | r010038 | ||
| 005 | 20220831090424.2 | ||
| 041 | 0 | |a cze | |
| 044 | |a [CS] | ||
| 245 | 1 | 0 | |a Podnikatelská strategie a její realizace. |c F. Kovář, J. Srpová |
| 520 | |a Charakteristika strategického riadenia pre podnikanie. Druhy strategického riadenia - pravé a nepravé. Strategické riadenia a stratégia. Klasifikácia prostredia na lokálne, národné (štátne), prostredie integračného zoskupenia a svetové prostredie. Typológia stratégií. Stratégia efektívnosti. Oblasti a úrovne stratégie. Tvorba podnikateľského zámeru (vytvorenie tímu, cieľov, analýza prostredia, faktorov, alternatív). | ||
| 610 | 2 | 0 | |a riadenie strategické |
| 610 | 2 | 0 | |a podnikanie |
| 610 | 2 | 0 | |a stratégia podniková |
| 610 | 2 | 0 | |a riadenie podnikové |
| 100 | 1 | |a Kovář, F. | |
| 700 | 1 | |a Srpová, Jitka | |